00353nam a22001217a 4500020000800000040001600008082001600024100001900040245006500059250001700124260005400141300003600195 qPB. cFizza Ishaq a330.98bROB aEngle, Robert. aThe American Economic Review Vol. 94, No. 3 /cRobert Engle. aVol 94 No 3. aNew York :bAmerican Economic Association,c2004. a812 p, ;c9.8 x 6.9 x .7 inches